000 00535nam a2200181 i 4500
001 135054
003 ES-MaACL
005 20230906194810.0
007 t|
008 070706s1969 sp ||||1| spa d
080 _a84-312.4"19"
100 1 _aThomas, Louis C.
_9110034
245 1 3 _aLa cómplice /
_cLouis C. Thomas ; [traducción de Ramón Margalef Llambrich].
260 _a[Barcelona :
_bMolino,
_c1969]
300 _a158 p. ;
_c18 cm.
700 1 _aMargalef Llambrich, Ramón.
_976609
852 _aES-MaACL
_jC-36530
_bR.70994
999 _c135054
_d135054